| 000 -LEADER |
| fixed length control field |
01607pam a2200301 a 4500 |
| 001 - CONTROL NUMBER |
| control field |
3368543 |
| 003 - CONTROL NUMBER IDENTIFIER |
| control field |
NUST |
| 005 - DATE AND TIME OF LATEST TRANSACTION |
| control field |
20171114110918.0 |
| 008 - FIXED-LENGTH DATA ELEMENTS--GENERAL INFORMATION |
| fixed length control field |
870928s1988 maua b 001 0 eng |
| 010 ## - LIBRARY OF CONGRESS CONTROL NUMBER |
| LC control number |
87026086 |
| 020 ## - INTERNATIONAL STANDARD BOOK NUMBER |
| International Standard Book Number |
0891168249 : |
| Terms of availability |
$49.50 |
| 040 ## - CATALOGING SOURCE |
| Original cataloging agency |
DLC |
| Transcribing agency |
DLC |
| Modifying agency |
DLC |
| 050 00 - LIBRARY OF CONGRESS CALL NUMBER |
| Classification number |
TP692.5 |
| Item number |
.H255 1988 |
| 082 00 - DEWEY DECIMAL CLASSIFICATION NUMBER |
| Classification number |
628.13 HAN |
| Edition number |
19 |
| 245 00 - TITLE STATEMENT |
| Title |
Handbook of underground storage tank safety and correction technology / |
| Statement of responsibility, etc. |
PEI Associates, Inc. ; under the direction and authorization of Hazardous Waste Engineering Research Laboratory and Office of Underground Storage Tanks, U.S. Environmental Protection Agency. |
| 260 ## - PUBLICATION, DISTRIBUTION, ETC. |
| Place of publication, distribution, etc. |
Cambridge [Mass.] : |
| Name of publisher, distributor, etc. |
Science Information Resource Center : |
| -- |
Hemisphere Pub. Corp., |
| Date of publication, distribution, etc. |
c1988. |
| 300 ## - PHYSICAL DESCRIPTION |
| Extent |
1 v. (various pagings) : |
| Other physical details |
ill. ; |
| Dimensions |
29 cm. |
| 500 ## - GENERAL NOTE |
| General note |
Spine title: Storage tank safety. |
| 500 ## - GENERAL NOTE |
| General note |
Includes the complete text of Underground storage tank corrective action technologies prepared under the direction of the Hazardous Waste Engineering Research Laboratory and the Office of Underground Storage Tanks. |
| 501 ## - WITH NOTE |
| With note |
H.P |
| 504 ## - BIBLIOGRAPHY, ETC. NOTE |
| Bibliography, etc. note |
Includes bibliography and index. |
| 650 #0 - SUBJECT ADDED ENTRY--TOPICAL TERM |
| Topical term or geographic name entry element |
Petroleum |
| General subdivision |
Underground storage |
| -- |
Safety measures. |
| 9 (RLIN) |
6351 |
| 710 2# - ADDED ENTRY--CORPORATE NAME |
| Corporate name or jurisdiction name as entry element |
PEI Associates. |
| 9 (RLIN) |
6352 |
| 710 2# - ADDED ENTRY--CORPORATE NAME |
| Corporate name or jurisdiction name as entry element |
Hazardous Waste Engineering Research Laboratory. |
| 9 (RLIN) |
6353 |
| 710 1# - ADDED ENTRY--CORPORATE NAME |
| Corporate name or jurisdiction name as entry element |
United States. |
| Subordinate unit |
Environmental Protection Agency. |
| -- |
Office of Underground Storage Tanks. |
| 9 (RLIN) |
6354 |
| 730 02 - ADDED ENTRY--UNIFORM TITLE |
| Uniform title |
Underground storage tank corrective action technologies. |
| Date of a work |
1988. |
| 9 (RLIN) |
6355 |
| 740 0# - ADDED ENTRY--UNCONTROLLED RELATED/ANALYTICAL TITLE |
| Uncontrolled related/analytical title |
Storage tank safety. |
| 906 ## - LOCAL DATA ELEMENT F, LDF (RLIN) |
| a |
7 |
| b |
cbc |
| c |
orignew |
| d |
1 |
| e |
ocip |
| f |
19 |
| g |
y-gencatlg |
| 942 ## - ADDED ENTRY ELEMENTS (KOHA) |
| Source of classification or shelving scheme |
|
| Koha item type |
Book |
| Call number prefix |
IESE |